000 00243nam a22001097a 4500
008 170124b xxu||||| |||| 00| 0 eng d
020 _a0721618030
041 _aeng
080 _a618.2
245 _aNURSING SCIENCE
_cPARSE, R.R
942 _2udc
_cBK
999 _c3556
_d3556